000 01790nam a2200337 i 4500
001 768714001
003 CO-MdFUSB
005 20210602171313.0
007 ta
008 200602t2010 sp ac||| |||| 00| 0 spa d
020 _a9788484608592
040 _aCO-MdFUSB
_bspa
_cCO-MdFUSB
_dCO-MdFUSBC
_erda
041 _aspa
082 _223
_a363.325
_bSA161
100 _aSalas, Antonio
_d1937-
_eautor
245 3 _aEl palestino
_c/ Antonio Salas
264 1 _aMadrid, España :
_bPlaneta,
_c[2010]
264 4 _c©2010
300 _c670 páginas ;
_a24 cm
336 _2rdacontent
_atexto
_btxt
337 _2rdamedia
_asin mediación
_bn
338 _2rdacarrier
_avolumen
_bnc
490 _aEn Primera Persona
505 _acap. 1: El camino del muyahid -- cap. 2: Tras los pasos de Alí Bey -- cap 3: De casablanca a Palestina -- cap 4: Territorio tupamaro -- cap. 5: La voz del Chacal -- cap. 6: Tres continentes unidos en el yihad -- cap. 7: FARC versus ETA gudaris y guerrilleros entre Colombia yVenezuela -- cap. 8: Salat en Suecia -- cap. 9: Los que lanzan piedras a la luna
520 3 _aEl palestino aprendió árabe, se convirtió al Islam se infiltró en las redes del terrorismo internacional. "Después de séis años bajo la identidad ficticia de Muhammad Abdallah en diversas organizaciones terroristas, ve la luz 'El Palestino, ' una crónica sorprendente en la que el conocido periodista de investigación Antonio Salas nos relata este tiempo viviendo al límite, para tratar de desvelar a sus lectores qué hay de verdadero o falso en las aterradoras noticas que nos golpean día a día sobre la escalada de violencia en el mundo."
563 _aRústico
650 7 _9260
_aHistoria social
_ySiglo XX
653 _aTerrorismo.
942 _cBK
945 _aDani
999 _c65979
_d65979